Tolley's industrial and commercial gas installation practice / (Record no. 10517)
[ view plain ]
| 000 -LEADER | |
|---|---|
| fixed length control field | 01678cam a22004217a 4500 |
| 090 ## - LOCALLY ASSIGNED LC-TYPE CALL NUMBER (OCLC); LOCAL CALL NUMBER (OCLC) | |
| -- | 0 |
| 001 - CONTROL NUMBER | |
| control field | 14428329 |
| 005 - DATE AND TIME OF LATEST TRANSACTION | |
| control field | 20081015075725.0 |
| 008 - FIXED-LENGTH DATA ELEMENTS--GENERAL INFORMATION | |
| fixed length control field | 060626s2006 ne a 001 0 eng |
| 010 ## - LIBRARY OF CONGRESS CONTROL NUMBER | |
| LC control number | 2006929940 |
| 015 ## - NATIONAL BIBLIOGRAPHY NUMBER | |
| National bibliography number | GBA659707 |
| Source | bnb |
| 016 7# - NATIONAL BIBLIOGRAPHIC AGENCY CONTROL NUMBER | |
| Record control number | 013505314 |
| Source | Uk |
| 020 ## - INTERNATIONAL STANDARD BOOK NUMBER | |
| International Standard Book Number | 0750669470 |
| 020 ## - INTERNATIONAL STANDARD BOOK NUMBER | |
| International Standard Book Number | 9780750669474 |
| 035 ## - SYSTEM CONTROL NUMBER | |
| System control number | (OCoLC)ocm73951525 |
| 040 ## - CATALOGING SOURCE | |
| Original cataloging agency | UKM |
| Transcribing agency | UKM |
| Modifying agency | BAKER |
| -- | DLC |
| 042 ## - AUTHENTICATION CODE | |
| Authentication code | ukblsr |
| -- | lccopycat |
| 050 00 - LIBRARY OF CONGRESS CALL NUMBER | |
| Classification number | TH6810 |
| Item number | .T66 2006 |
| 082 04 - DEWEY DECIMAL CLASSIFICATION NUMBER | |
| Classification number | 697.043 |
| Edition number | 22 |
| Item number | TOL |
| 245 00 - TITLE STATEMENT | |
| Title | Tolley's industrial and commercial gas installation practice / |
| Statement of responsibility, etc | Edited by Frank Saxon. |
| 246 3# - VARYING FORM OF TITLE | |
| Title proper/short title | Industrial and commercial gas installation practice |
| 250 ## - EDITION STATEMENT | |
| Edition statement | 4th ed. |
| Remainder of edition statement | revised by Route One Training and Development Limited. |
| 260 ## - PUBLICATION, DISTRIBUTION, ETC. (IMPRINT) | |
| Place of publication, distribution, etc | Amsterdam ; |
| Name of publisher, distributor, etc | Elsevier Newnes, |
| Date of publication, distribution, etc | c2006. |
| 300 ## - PHYSICAL DESCRIPTION | |
| Extent | vii, 579 p. : |
| Other physical details | ill. ; |
| Dimensions | 24 cm. |
| 440 #0 - | |
| -- | Gas service technology ; |
| -- | v. 3 |
| 500 ## - GENERAL NOTE | |
| General note | Previous ed.: 2000. |
| 500 ## - GENERAL NOTE | |
| General note | Includes index. |
| 650 #0 - SUBJECT ADDED ENTRY--TOPICAL TERM | |
| Topical term or geographic name as entry element | Gas appliances |
| General subdivision | Installation. |
| 650 #0 - SUBJECT ADDED ENTRY--TOPICAL TERM | |
| Topical term or geographic name as entry element | Gas appliances |
| General subdivision | Maintenance and repair. |
| 700 1# - ADDED ENTRY--PERSONAL NAME | |
| Personal name | Saxon, Frank, |
| Dates associated with a name | 1943- |
| 710 2# - ADDED ENTRY--CORPORATE NAME | |
| Corporate name or jurisdiction name as entry element | Route One Training and Development Limited. |
| 856 41 - ELECTRONIC LOCATION AND ACCESS | |
| Materials specified | Table of contents only |
| Uniform Resource Identifier | <a href="http://www.loc.gov/catdir/toc/fy0706/2006929940.html">http://www.loc.gov/catdir/toc/fy0706/2006929940.html</a> |
| 856 42 - ELECTRONIC LOCATION AND ACCESS | |
| Materials specified | Publisher description |
| Uniform Resource Identifier | <a href="http://www.loc.gov/catdir/enhancements/fy0708/2006929940-d.html">http://www.loc.gov/catdir/enhancements/fy0708/2006929940-d.html</a> |
| 942 ## - ADDED ENTRY ELEMENTS (KOHA) | |
| Source of classification or shelving scheme | Dewey Decimal Classification |
| Item type | Book - Borrowing |
| Withdrawn status | Item status | Source of classification or shelving scheme | Damaged status | Not for loan | Vendor | Home library | Current library | Shelving location | Date acquired | Source of acquisition | Cost, normal purchase price | Serial Enumeration / chronology | Total Checkouts | Full call number | Barcode | Date last seen | Koha item type |
|---|---|---|---|---|---|---|---|---|---|---|---|---|---|---|---|---|---|
| Dewey Decimal Classification | Alahram | Central Library | Central Library | First floor | 29/01/2009 | 674.90 | 6464 | 697.043 TOL | 000014376 | 15/07/2025 | Book - Borrowing |